000 00841nam a2200217Ii 4500
003 JO-AjNU
008 230605s9999||||xx |||||||||||||| ||und||
020 _a978-1-56564-467-0
040 _aJO-AjNU
_bara
_erda
_cJO-AjNU
041 _aara
050 1 4 _aBP42.S235 2012
100 3 _aصادقي، مصطفى,
_eauthor
_952395
245 0 0 _aمنهاج تدريس الفقه: دراسة تاريخية تربوية
250 _aط1
264 3 1 _aفيرجينيا: المعهد العالمي للفكر الاسلامي، 2012
300 _a388ص
_bالمصادر والمراجع ص 373-382 ؛ كشاف الاعلام والمصطلحات ص383-388
336 _atext
_btxt
_2rdacontent
337 _aunmediated
_bn
_2rdamedia
338 _avolume
_bnc
_2rdacarrier
650 4 _aالفقه الاسلامي- تعلم وتعليم
_952396
999 _aA23207
_c26775
_d26775